| 000 | 004370000a22001810004500 | ||
|---|---|---|---|
| 003 | MACL | ||
| 005 | 20160129150741.0 | ||
| 008 | 160129b xxu||||| |||| 00| 0 eng d | ||
| 040 |
_aMACL _cMACL |
||
| 041 | _aEnglish | ||
| 082 | _a823/SHA | ||
| 100 |
_aSharma, Kalpana _935451 |
||
| 245 | _aRediscovering Dharavi | ||
| 260 |
_bPenguin Books _c2000 _aNew Delhi |
||
| 350 | _a200 | ||
| 650 |
_aFiction _935452 |
||
| 942 |
_cBK _k823/SHA _2ddc |
||
| 999 |
_c31360 _d31360 |
||